| 000 | 00850nas a2200265 4500 | ||
|---|---|---|---|
| 001 | BR2018000912 | ||
| 003 | BR-BrBNA | ||
| 005 | 20231205131319.0 | ||
| 007 | ta | ||
| 008 | 230509b bl.|||p| |||| 00| 00por d | ||
| 040 |
_aBR-BrBNA _bpor _cBiblioteca Nacional de Agricultura |
||
| 041 | _a(En) | ||
| 072 | _aF40 | ||
| 100 | 1 | _aMartini, A. | |
| 100 | 1 | _aBiondi, D. | |
| 100 | 1 | _aBatista, A.C. | |
| 245 | 1 | _aDistance and intensity of microclimatic influence provided by urban forest typologies | |
| 650 | _aMICROCLIMA | ||
| 650 | _aARBORIZAÇÃO | ||
| 650 | _aECOLOGIA VEGETAL | ||
| 773 | 0 |
_tFloresta e Ambiente (Brazil) _xISSN 2179-8087 _g(2018), v. 25(2) p. 1-12 _wBR2018000912 |
|
| 856 | 4 | 0 | _uhttp://www.scielo.br/pdf/floram/v25n2/2179-8087-floram-25-2-e00021317.pdf |
| 909 |
_a202311 _bLúcia _c55 _dLúcia Elande |
||
| 942 |
_2AGRIS _n0 _cANA |
||
| 999 |
_c254135 _d254135 |
||